000 00261nam a22001097a 4500
082 _a370/AGG
100 _aAggarwal,Dr. R.N.
_983997
245 _aDevelopment education in india
260 _aDelhi
_bShivani book agency
_c2021
650 _aEducation
942 _cBK
999 _c69014
_d69014